02087cam a22002895a 45000010009000000050017000090080041000260200019000670400040000860820022001261000025001482450104001732500012002772600076002893000033003654900025003985000028004235000024004515040031004755200990005066500055014966510010015516530037015619420022015989990017016209520160016371828467920151115113205.0140829s2015 maua frb 001 0 eng d a9780124200043  aDLCbengcDLCd EG-ScBUEd EG-ScBUE04a622.3382bDEG2221 aDeGeare, Joe.93873414aThe guide to oilwell fishing operations :btools, techniques, and rules of thumb /cby Joe DeGeare. a2nd ed. aWaltham ;aOxford :bGulf professional Publishing / Elsevier ,cc.2015. axv, 216 p. :bill. ;c24 cm.0 aGulf drilling guides aGlossary : p. 205-210.  aIndex : p. 213-216. aBibliography : p. 211-212. a"Since the first addition of the "The Guide to Oilwell Fishing Operations" was released in 2003 a few things have changed within our industry, we have seen an increase in horizontal drilling, a few technology updates have occurred but as always fishing is still around. (We have strived to update all technology within the second edition of the book, however, we would recommend to always talk to your local fishing tool provider to check on the latest technology updates). The use of coiled tubing has grown substantially with the increase in horizontal drilling and fracking in the North America market. However, what has not changed is the need for fishing tool supervisors and fishing equipment and sooner or later whether drilling a new well or doing a workover on an existing wellbore, the need for fishing will occur. The following reason still come into play when it comes to fishing; fatigue of equipment, hole conditions, planned jobs in workover operations and human error." 0aOil wellsxEquipment and suppliesxFishing.2BUEsh 2BUEsh bENGPETcAugust2015cNovember2015 2ddck622.3382 DEG c20646d20618 00102ddc40708BaccahaMAINbMAINc1STd2015-08-19ePurchaseg960.00h21761l3m16o622.3382 DEGp000030733r2025-07-15 00:00:00s2016-11-02v1200.00yBB